000
00311nam a2200121Ia 4500
008
220204s9999 xx 000 0 und d
082
_a
575:631.523
_b
KUC
245
0
_a
Fundamentals of plant breeding
260
_a
Berlin
_b
Springer Verlag
_c
1991
650
_a
Plant breeding
700
_a
Kuckuck, H
942
_c
BK
999
_c
40232
_d
40232